Privatisation of a telecommunications operator based on the example of the privatisation of Polish Telecommunications plc

Enregistré dans:
Détails bibliographiques
Auteur principal: Sochaczewski, Piotr
Format: Chapitre de livre
Langue:anglais
Sujets:
Tags: Ajouter un tag
Pas de tags, Soyez le premier à ajouter un tag!

MARC

LEADER 00000naa$a2200000$$$4500
001 0033621
005 20221128114058.3
041 0 |a eng 
044 |a SK 
245 1 0 |a Privatisation of a telecommunications operator based on the example of the privatisation of Polish Telecommunications plc  |c Piotr Sochaczewski 
610 2 0 |a privatizácia 
610 2 0 |a telekomunikácie 
610 2 0 |a Poľsko 
610 2 0 |a reorganizácia 
610 2 0 |a investori 
610 2 0 |a akcie 
610 2 0 |a spoločnosti akciové 
610 2 0 |a operátori 
100 1 |a Sochaczewski, Piotr